100 ciudades no capitales más grandes (español) - Estadísticas

Estadísticas generales
  • Esta prueba ha sido intentada 282 veces
    210 desde el último reinicio
  • La puntuación promedio es 33 de 100
Estadísticas de respuestas
País Ciudad % Correcto
Brasil Río de Janeiro
93%
Brasil Sao Paulo
92%
Turquía Estambul
86%
Estados Unidos Nueva York
86%
China Shanghái
86%
España Barcelona
84%
Estados Unidos Los Ángeles
83%
Japón Osaka
81%
Australia Sidney
80%
Nigeria Lagos
79%
India Bombay
77%
Canadá Toronto
74%
Rusia San Petersburgo
73%
India Calcuta
72%
Colombia Medellín
71%
México Guadalajara
70%
Marruecos Casablanca
67%
Australia Melbourne
66%
Israel Tel Aviv
63%
Egipto Alejandría
62%
Sudáfrica Johannesburgo
62%
México Monterrey
59%
China Wuhan
59%
Pakistán Karachi
58%
Canadá Montreal
57%
China Hong Kong
53%
Vietnam Ciudad Ho Chi Minh
51%
India Bangalore
49%
Brasil Fortaleza
49%
Brasil Recife
47%
Brasil Belo Horizonte
46%
Tanzania Dar es Salaam
45%
Pakistán Lahore
45%
Brasil Porto Alegre
42%
China Xi'an
40%
Corea del sur Busan
38%
Arabia Saudita Yeda
38%
Japón Nagoya
37%
India Chennai
36%
China Tianjin
36%
Costa de Marfil Abiyán
35%
Brasil Salvador
35%
India Hyderabad
32%
Nigeria Kano
32%
China Chengdu
30%
Brasil Curitiba
29%
China Chongqing
27%
Myanmar Rangún
27%
China Shenzhen
27%
China Xiamen
27%
Japón Fukuoka
26%
India Ahmedabad
25%
China Guangzhou
24%
Bangladés Chittagong
21%
India Jaipur
21%
China Nankín
20%
China Hangzhou
18%
Nigeria Ibadán
18%
Camerún Duala
17%
India Pune
17%
China Qingdao
17%
China Dalian
15%
India Surat
15%
China Urumqi
15%
China Harbin
14%
Brasil Campinas
13%
Pakistán Faisalabad
13%
India Lucknow
13%
China Zhengzhou
13%
China Kunming
11%
Irán Mashhad
11%
China Nanning
11%
China Fuzhou
10%
China Hefei
10%
China Shenyang
10%
Ghana Kumasi
8%
China Ningbo
8%
Nigeria Port Harcourt
8%
China Jinan
7%
China Shantou
7%
China Dongguan
5%
China Shijiazhuang
5%
China Changsa
4%
Taiwán Nueva Taipei
4%
China Suzhou
4%
China Taiyuan
4%
China Wenzhou
4%
China Changchun
3%
China Foshan
3%
China Changzhou
2%
Sudáfrica Ekurhuleni
2%
China Guiyang
2%
India Kochi
2%
China Nanchang
2%
China Wuxi
2%
Indonesia Bekasi
1%
India Kozhikode / Calicut
1%
India Malappuram
1%
China Tangshan
1%
India Thrissur
1%
No se encontraron pruebas coincidentes
Distribución de puntuación
Porcentaje de gente con cada puntuación
Porcentaje por número respondido
Historial de tus puntuaciones
No has intentado esta prueba desde el último reinicio